000 00744cam a2200229 a 4500
001 BD-DhSAU 5459
003 BD-DhSAU
005 20150415163701.0
008 920221s1993 orua b 001 0 eng
020 _a0881922560
040 _aBD-DhSAU
082 0 0 _a635.0498
_222
_bRES
245 0 0 _aResistance to viral diseases of vegetables :
_bgenetics & breeding /
_cMolly M. Kyle, editor.
260 _aPortland, Or. :
_bTimber Press ,
_cc1993.
300 _a278 p. :
_bill. ;
_c24 cm.
504 _aIncludes bibliographical references and index.
590 _aIMRAN
650 0 _aVegetables
_xDisease and pest resistance
_xGenetic aspects.
650 0 _aVirus diseases of plants.
650 0 _aVegetables
_xBreeding.
700 1 _aKyle, Molly M.
942 _2ddc
_cBOOK
999 _c5459
_d5459